El cine digital /

El cine digital es un soporte realmente nuevo que permite rodar como un auténtico profesional con un presupuesto realmente bajo. Para optimizar los nuevos recursos técnicos, Mike Figgis ha glosado su experiencia creativa en los rodajes en este título que va a suceder a los títulos de referencia de c...

Descripción completa

Detalles Bibliográficos
Autor principal: Figgis, Mike
Formato: Libro
Lenguaje:español
Publicado: Barcelona Alba 2008
Materias:
Acceso en línea:

MARC

LEADER 00000cam a2200000 a 4500
001 019620
003 UAHC_CL
005 20170803121756.0
008 130513s2008 sp 000 spa
020 |a 9788484283751 
040 |a UAHC_CL  |c UAHC_CL  |d UAHC_CL 
082 0 4 |a 778.8  |b F471  |2 20 
100 1 |a Figgis, Mike 
245 1 3 |a El cine digital /  |c Mike Figgis. 
260 |b Alba  |a Barcelona  |c 2008 
300 |a 180 p. 
520 |a El cine digital es un soporte realmente nuevo que permite rodar como un auténtico profesional con un presupuesto realmente bajo. Para optimizar los nuevos recursos técnicos, Mike Figgis ha glosado su experiencia creativa en los rodajes en este título que va a suceder a los títulos de referencia de cineastas como Truffaut o Bergman, y en el que va desglosando las razones que le han llevado al cine digital; las prestaciones técnicas que éste ofrece, incluyendo una detallada explicación de las cámaras y los equipos que para Figgis resuelven su nivel de exigencia técnica y artística. 
650 4 |a Cinematografía digital 
653 |a LICENCIATURA EN CINE 
658 |a Vidaurre, Miguel Angel 
900 |a 778.8 FIG 
942 |c BK 
952 |0 0  |1 0  |4 0  |6 778_800000000000000_FIG  |7 0  |8 General  |9 39292  |a BS  |b BS  |c General  |d 2017-08-03  |l 1  |m 3  |o 778.8 FIG  |p 1410311  |r 2025-11-26 00:00:00  |s 2019-10-14  |t 1  |w 2017-08-03  |y BK 
952 |0 0  |1 0  |4 0  |6 778_800000000000000_FIG  |7 0  |8 General  |9 39293  |a BS  |b BS  |c General  |d 2017-08-03  |l 2  |o 778.8 FIG  |p 1410312  |r 2025-11-26 00:00:00  |s 2025-08-26  |t 2  |w 2017-08-03  |y BK 
999 |c 19620  |d 19620